[Event "ICS rated blitz match"]
[Site "204.178.125.65"]
[Date "1999.10.06"]
[Round "?"]
[White "MissSilicon"]
[Black "Hossa"]
[Result "1-0"]
[WhiteElo "2707"]
[BlackElo "2510"]
[PlyCount "209"]
[EventDate "1999.??.??"]

1. d4 d5 2. c4 dxc4 3. Nf3 Nf6 4. e3 e6 5. Bxc4 c5 6. O-O a6 7. Qe2 b5 8. Bb3
cxd4 9. exd4 Be7 10. a4 Bd7 11. Bf4 bxa4 12. Bxa4 Bxa4 13. Rxa4 O-O 14. Rc1 Nd5
15. Bg3 Re8 16. Rac4 Nd7 17. Nc3 N7b6 18. Rc6 Nb4 19. Rc7 Bf6 20. Ne4 N6d5 21.
Rb7 Rc8 22. Rxc8 Qxc8 23. Nd6 Qc1+ 24. Qf1 Qxf1+ 25. Kxf1 Rf8 26. Ne5 Be7 27.
Nexf7 Rxf7 28. Nxf7 Kxf7 29. Ke2 Nc6 30. Kd3 g5 31. Ke4 Kg6 32. f3 h5 33. Be1
h4 34. g3 Bd6 35. b3 h3 36. Kd3 Bc7 37. Ke4 Bb6 38. Bf2 Na5 39. Rb8 Nxb3 40.
Kd3 Kg7 41. Re8 Nc1+ 42. Kc2 Kf7 43. Rb8 Na2 44. Kb3 Nac3 45. Rxb6 Nxb6 46.
Kxc3 Kf6 47. Kb4 Kf5 48. Kc5 Nd5 49. Kc4 Kg6 50. g4 Kf6 51. Kc5 Kg7 52. Be1 Ne3
53. Bg3 Nd5 54. Kc6 Kf6 55. Bd6 Kg6 56. Be5 Kf7 57. Kc5 Ke7 58. Bg3 Kd7 59. Bf2
Ke8 60. Be1 Ne3 61. Bg3 Nd5 62. Kc6 Kf7 63. Bb8 Nf6 64. Bc7 Nd5 65. Bd8 Kg6 66.
Kd6 Nf4 67. Ke5 Ne2 68. Bb6 Nf4 69. Ba5 Ne2 70. Ke4 Kg7 71. f4 gxf4 72. Bd2 f3
73. Be3 f2 74. Bxf2 Kf6 75. Kf3 Nc3 76. Be3 Nd5 77. Bd2 Nb6 78. Kg3 Nc4 79. Bc3
Nd6 80. Kxh3 Ne4 81. Ba5 e5 82. d5 Kg5 83. Bd8+ Kf4 84. Kh4 Nc5 85. Be7 Nd3 86.
g5 Kf5 87. d6 Ke6 88. g6 Nf4 89. g7 Kf7 90. d7 Kxe7 91. d8=Q+ Kxd8 92. g8=Q+
Kd7 93. Kg4 Ne6 94. Kf5 Nf4 95. Kxe5 Nd3+ 96. Kd4 Nb4 97. Qf7+ Kc6 98. Qe6+ Kb7
99. Qe7+ Kb6 100. Qxb4+ Kc6 101. h4 Kc7 102. Kd5 Kd8 103. Qd6+ Ke8 104. Ke6 a5
105. Qb8# {Hossa checkmated} 1-0

[Event "ICS rated blitz match"]
[Site "204.178.125.65"]
[Date "1999.10.01"]
[Round "?"]
[White "MissSilicon"]
[Black "Hossa"]
[Result "1-0"]
[WhiteElo "2599"]
[BlackElo "2353"]
[Annotator "Fritz 5.32 (20s)"]
[PlyCount "73"]
[EventDate "1999.??.??"]

1. c4 Nf6 2. Nf3 g6 3. d4 Bg7 4. Nc3 d5 5. Bg5 Ne4 6. Bf4 Nxc3 7. bxc3 c5 8.
cxd5 cxd4 9. cxd4 Qxd5 10. e3 O-O 11. Bd3 (11. Be2 Nc6 12. O-O Bf5 13. Nh4 Bc8
14. Qa4 Nxd4 15. exd4 Qe4 16. Nxg6 hxg6 17. Be3 Bg4 18. Bxg4 Qxg4 19. Rac1 Rfc8
20. h3 Qf5 21. Rc5 Qe6 22. Rfc1 Rxc5 23. dxc5 Be5 24. Rd1 Bc7 25. Qb5 Rb8 26.
Rd7 a6 27. Qd3 Bd6 28. Rxd6 exd6 29. cxd6 Rd8 30. Bf4 Qxa2 31. Qe4 Qa1+ 32. Kh2
Qf6 33. Kg1 Qa1+ 34. Kh2 Qf6 35. Kg1 {
- Zvjaginsev,V-Leko,P/Tilburg 1998/EXT 99 (35)}) 11... Nc6 $146 (11... Qa5+ 12.
Qd2 Nc6 13. Qxa5 Nxa5 14. Bc7 b6 15. Be4 Bb7 16. Bxb7 Nxb7 17. Ke2 Rfc8 18.
Rhc1 e6 19. Rc3 Nc5 20. Be5 Ne4 21. Rxc8+ Rxc8 22. Bxg7 Kxg7 23. Ne1 Kf6 24. f3
Nc3+ 25. Kd2 Nb5 26. Rb1 {Voon,V-Zjukin,S/Tallin 1998/EXT 99/ - (38)}) 12. O-O
12... e5 $14 (12... Bg4 $5 $11 {muss beachtet werden}) 13. dxe5 Rd8 14. Be2
Qxd1 15. Rfxd1 Be6 16. a3 {Sichert b4} 16... Bg4 17. Rab1 Rxd1+ 18. Bxd1 Rd8
19. Ba4 19... Rd3 $18 (19... Bc8 $5 $16 $142) 20. Bxc6 (20. Rxb7 $6 20... Rxa3
21. h3 Rxa4 22. hxg4 22... h6 $14) 20... bxc6 21. Rb8+ 21... Bf8 {
Droht Matt: Rd1} 22. h3 Kg7 23. hxg4 Rd7 24. e6 fxe6 25. Be5+ Kg8 26. Ng5 Rd5 (
26... Re7 {aendert den traurigen Lauf der Dinge nicht} 27. Bd6 Kg7 28. Bxe7
Bxe7 29. Rb7 $18) 27. f4 Rd3 (27... h5 $18 {der letzte Widerstandsversuch}) 28.
Nxe6 (28. Nxh7 $142 {machte sofort alles klar} 28... Rd1+ 29. Kf2 $18) 28...
Kf7 29. Nxf8 Rxe3 30. Nxh7 Rxa3 (30... Ke6 $18 {
bietet noch letzte Rettungschancen}) 31. Rd8 Ke7 (31... Ke6 {
aendert nichts mehr} 32. Ng5+ Ke7 33. Bf6+ Kxf6 34. Rd7 Ra1+ 35. Kh2 Rh1+ 36.
Kxh1 a5 37. Rf7#) 32. Bf6+ Ke6 33. Ng5+ $1 {ein laestiges Schach} 33... Kxf6
34. Rd7 $1 {kraeftig gespielt} 34... Ra1+ 35. Kh2 Rh1+ 36. Kxh1 a6 (36... a5 {
aendert nichts am Ausgang der Partie} 37. Rf7#) 37. Rf7# 1-0

[Event "ICS rated blitz match"]
[Site "204.178.125.65"]
[Date "1999.10.06"]
[Round "?"]
[White "MissSilicon"]
[Black "Hossa"]
[Result "1-0"]
[WhiteElo "2686"]
[BlackElo "2454"]
[PlyCount "111"]
[EventDate "1999.??.??"]

1. c4 e6 2. Nf3 d5 3. g3 dxc4 4. Qa4+ Nd7 5. e4 Ngf6 6. Nc3 Be7 7. Bxc4 O-O 8.
Qc2 c5 9. O-O Ng4 10. Be2 f5 11. d4 fxe4 12. Nxe4 cxd4 13. Rd1 e5 14. Neg5 Ndf6
15. h3 Nh6 16. Nxe5 Kh8 17. Bc4 Qd6 18. Nef7+ Nxf7 19. Nxf7+ Rxf7 20. Bxf7 Bxh3
21. Be3 Rc8 22. Qa4 d3 23. Bxa7 Rf8 24. Bb3 Ra8 25. Bc5 Qb8 26. Qd4 Bxc5 27.
Qxc5 Qe8 28. Qc4 Bf5 29. Re1 Qh5 30. Qf7 Qxf7 31. Bxf7 Rd8 32. Rad1 d2 33. Re2
Ne4 34. Bh5 Rc8 35. g4 Nf6 36. gxf5 Nxh5 37. Rexd2 Rf8 38. Rd8 Rg8 39. R1d7 b5
40. Rxg8+ Kxg8 41. Rb7 Nf4 42. Rxb5 Kf7 43. a4 Ne2+ 44. Kf1 Nd4 45. Rb7+ Kf6
46. a5 Nxf5 47. a6 Nd6 48. Rb6 Ke5 49. a7 Nc4 50. Rb5+ Kd6 51. a8=Q Nd2+ 52.
Ke2 Ke7 53. Qa7+ Kf6 54. Qa6+ Kf7 55. Rb7+ Kg8 56. Qa8# {Hossa checkmated} 1-0

[Event "ICS rated blitz match"]
[Site "204.178.125.65"]
[Date "1999.09.25"]
[Round "?"]
[White "MissSilicon"]
[Black "Hossa"]
[Result "1-0"]
[WhiteElo "2682"]
[BlackElo "2469"]
[PlyCount "74"]
[EventDate "1999.??.??"]

1. d4 Nf6 2. c4 e6 3. Nc3 Bb4 4. Qc2 c5 5. Nf3 cxd4 6. Nxd4 O-O 7. a3 Bxc3+ 8.
Qxc3 Ne4 9. Qd3 d5 10. Bf4 Re8 11. cxd5 exd5 12. Rc1 Nd7 13. f3 Nec5 14. Qd2
Ne6 15. Nxe6 fxe6 16. e4 dxe4 17. fxe4 Qh4+ 18. g3 Qh5 19. Be2 Qg6 20. O-O Qxe4
21. Bb5 e5 22. Be3 Rf8 23. Rfe1 Kh8 24. Bxd7 Bxd7 25. Qxd7 Qf3 26. Rc7 Qf6 27.
Rxb7 a6 28. Qe7 Qxe7 29. Rxe7 Rae8 30. Bc5 Rxe7 31. Bxe7 Rf3 32. Rxe5 Kg8 33.
Bb4 Rb3 34. Re8+ Kf7 35. Re7+ Kf6 36. Ra7 Kf5 37. Bc3 37... Rb6 {Hossa resigns}
1-0

[Event "ICS rated blitz match"]
[Site "204.178.125.65"]
[Date "1999.09.08"]
[Round "?"]
[White "MissSilicon"]
[Black "Hossa"]
[Result "1-0"]
[WhiteElo "2594"]
[BlackElo "2495"]
[PlyCount "134"]
[EventDate "1999.??.??"]

1. e4 c5 2. Nf3 e6 3. d4 cxd4 4. Nxd4 Nc6 5. Nc3 Bb4 6. Ndb5 Nge7 7. Nd6+ Bxd6
8. Qxd6 O-O 9. Bd3 e5 10. O-O Kh8 11. f4 exf4 12. Nd5 f3 13. Rxf3 Ng6 14. Rf2
Nge5 15. Bg5 f6 16. Nxf6 gxf6 17. Bxf6+ Rxf6 18. Rxf6 Qe7 19. Rf8+ Kg7 20.
Qxe7+ Nxe7 21. Raf1 b6 22. Re8 N7g6 23. Rf5 d6 24. b3 h6 25. a4 Ng4 26. Rd8
N4e5 27. Rf2 Nf7 28. Re8 Bb7 29. Bc4 Ng5 30. Rxa8 Bxa8 31. Bd5 Bxd5 32. exd5
Ne4 33. Re2 Nc3 34. Re6 Nxd5 35. Rxd6 Nc3 36. Rd7+ Kf6 37. Rxa7 Ne7 38. Ra6
Ned5 39. a5 Ke6 40. axb6 Kd6 41. b7+ Kc7 42. b8=B+ Kxb8 43. Rxh6 Kc7 44. Kf2
Kd7 45. g4 Nb4 46. Ke3 Nd1+ 47. Kd2 Nf2 48. Ke2 Ne4 49. h4 Nc3+ 50. Ke3 Nd1+
51. Kd2 Nf2 52. g5 Ne4+ 53. Ke3 Nc5 54. g6 Ke6 55. Kd4 Nb7 56. g7+ Kf7 57. c3
Nc2+ 58. Kd3 Ne1+ 59. Kd2 Nf3+ 60. Ke2 Kxg7 61. Rb6 Ne5 62. Rxb7+ Kf6 63. h5
Ng4 64. c4 Ke5 65. c5 Kd5 66. Rg7 Nf6 67. Rg5+ 67... Ke4 {Hossa resigns} 1-0

[Event "ICS rated blitz match"]
[Site "204.178.125.65"]
[Date "1999.09.08"]
[Round "?"]
[White "MissSilicon"]
[Black "Hossa"]
[Result "1-0"]
[WhiteElo "2609"]
[BlackElo "2508"]
[PlyCount "130"]
[EventDate "1999.??.??"]

1. e4 e5 2. Bc4 Bc5 3. Nf3 Nc6 4. d3 Nge7 5. Ng5 d5 6. exd5 Nxd5 7. Qf3 Be6 8.
Nxe6 fxe6 9. O-O Qd6 10. c3 O-O-O 11. Nd2 Qd7 12. Ne4 Bb6 13. Qg4 g6 14. Ng5
Rde8 15. Bb5 a6 16. Bxc6 Qxc6 17. Nf7 Rhf8 18. Nxe5 Qd6 19. d4 Kb8 20. Qh4 Ne7
21. Bg5 Rf5 22. g4 Rff8 23. Qxh7 Rh8 24. Qf7 Nc6 25. Bf4 Nxe5 26. Bxe5 Qf8 27.
Qxg6 Rg8 28. Qh5 Qf3 29. h3 Ref8 30. Qh7 Ka8 31. Rad1 Qe2 32. Rb1 Rc8 33. Rfe1
Qc4 34. Ra1 Rcf8 35. Bg7 Rd8 36. Bf6 Rb8 37. Qd7 Qd3 38. Re3 Qg6 39. Qxe6 Qh6
40. Rae1 Rg6 41. g5 Qh7 42. f4 Rgg8 43. f5 Rbf8 44. g6 Qh5 45. g7 Rb8 46. Qd5
Qh7 47. Kg2 Rbf8 48. Re6 Rc8 49. Qe4 Qh5 50. Qg4 Qh6 51. Be5 Qd2+ 52. Re2 Qd3
53. f6 Qc4 54. f7 Qd5+ 55. Kf1 Qh1+ 56. Kf2 Qd5 57. Rf6 Rgf8 58. Qxc8+ Rxc8 59.
f8=Q Kb8 60. Bxc7+ Bxc7 61. Re8 Bg3+ 62. Kg1 Rxe8 63. Qxe8+ Ka7 64. g8=Q Qxg8
65. Qxg8 65... Be1 {Hossa resigns} 1-0

[Event "ICS rated blitz match"]
[Site "204.178.125.65"]
[Date "1999.09.07"]
[Round "?"]
[White "MissSilicon"]
[Black "Hossa"]
[Result "1-0"]
[WhiteElo "2610"]
[BlackElo "2526"]
[Annotator "Steffen A. Jakob"]
[PlyCount "60"]
[EventDate "1999.??.??"]

1. e4 e5 2. f4 exf4 3. Nf3 3... Bb4 $146 ({RR} 3... Bc5 4. d4 ({RR} 4. Bc4 4...
Nc6 5. d4 Nxd4 6. Nxd4 Qh4+ 7. Kf1 Nf6 8. Nc3 O-O 9. Be2 d6 10. h3 d5 11. e5
Ne4 12. Nxe4 dxe4 13. c3 f6 14. Qe1 Qh6 15. e6 Qg5 16. Bc4 Re8 17. Qxe4 Bd6 18.
Bd3 g6 19. Bc4 Kh8 20. Nf3 Qg3 21. b4 Bxe6 22. Qd4 Be7 23. Bxf4 c5 24. bxc5
Qxf4 25. Qxf4 Bxc5 26. Nd4 26... Kg7 {
1-0 Saed Kia,N-Auer,P/RLPF-op Hauenstein 1991/GER 05 (26)}) 4... Bb6 5. Bxf4 d5
6. exd5 Qxd5 7. c3 Qe4+ 8. Qe2 Qxe2+ 9. Bxe2 Be6 10. Nbd2 Ne7 11. Nc4 Bxc4 12.
Bxc4 Ng6 13. Bg3 Nd7 14. O-O-O O-O 15. Rhf1 Rae8 16. Bd3 Nf6 17. Bxg6 fxg6 18.
Ne5 {Ternette,H-Gotthold,E/RLPF-chS Hauenstein 1991/GER 05/1-0 (51)}) ({RR} 
3... b6 4. d4 ({RR} 4. Bc4 4... Bb7 5. Nc3 Qe7 6. d3 g5 7. O-O Bg7 8. Nxg5 Qxg5
9. Bxf4 Qc5+ 10. Kh1 f6 11. Qg4 Bh6 12. Bxg8 Qf8 13. Bc4 d6 14. Qh5+ {
1-0 Schubert,D-Scholz,G/OLNO 1992/BIG 90 (14)}) 4... Bb7 5. Bd3 d6 6. Bxf4 Nf6
7. Nbd2 Be7 8. O-O O-O 9. c3 Ba6 10. c4 c6 11. Qc2 Qc8 12. e5 dxe5 13. dxe5
Bc5+ 14. Kh1 Nh5 15. Bxh7+ Kh8 16. Bf5 Qe8 17. Ng5 Nxf4 18. Rxf4 Qxe5 19. Rh4+
Kg8 20. Bh7+ Kh8 21. Bg8+ {1-0 David,E-Meier,J/Giessen op 1995/GER 11 (21)}) 4.
Nc3 Nf6 5. e5 Bxc3 6. dxc3 Nh5 7. Be2 h6 8. O-O g5 9. e6 fxe6 10. Ne5 Nf6 11.
Bh5+ Nxh5 12. Qxh5+ Ke7 13. Ng6+ Kd6 14. Qd1+ Kc6 15. Qd4 b6 16. Nxh8 Kb7 17.
Qg7 d5 18. Qxh6 Qe7 19. Ng6 Qd8 20. h4 gxh4 21. Rxf4 Nc6 22. Be3 e5 23. Rf8 Qd6
24. Nxh4 Be6 25. Rf6 Nd8 26. Nf3 Qe7 27. Nxe5 Rc8 28. Re1 Bg8 29. Bg5 Qc5+ 30.
Kh2 30... d4 {Hossa resigns} 1-0

[Event "ICS rated blitz match"]
[Site "204.178.125.65"]
[Date "1999.08.28"]
[Round "?"]
[White "MissSilicon"]
[Black "Hossa"]
[Result "1-0"]
[WhiteElo "2614"]
[BlackElo "2512"]
[PlyCount "165"]
[EventDate "1999.??.??"]

1. e4 Nf6 2. Bc4 Nxe4 3. Bxf7+ Kxf7 4. Qh5+ Kf6 5. Qf3+ Ke5 6. d4+ Kxd4 7. Be3+
Ke5 8. Bf4+ Ke6 9. Qxe4+ Kf7 10. Qc4+ e6 11. Bxc7 Qg5 12. Nf3 Qc1+ 13. Ke2 Qh6
14. Bf4 b5 15. Qxc8 Qxf4 16. Qb7 Qc4+ 17. Kd1 Qd5+ 18. Qxd5 exd5 19. Nc3 Nc6
20. Nxd5 Bc5 21. Nc7 Rac8 22. Nxb5 Rb8 23. a4 Bxf2 24. Rf1 Bc5 25. Ne5+ Ke6 26.
Nd3 Be7 27. Nf4+ Ke5 28. Kd2 Bg5 29. Rae1+ Kf6 30. Kc3 Bxf4 31. Rxf4+ Kg6 32.
Rg4+ Kh6 33. Nd6 Rhf8 34. Rh4+ Kg6 35. Ree4 h5 36. Rhf4 a5 37. g4 hxg4 38. Rxf8
Rxf8 39. Rxg4+ Kh6 40. Kb3 Rf6 41. Nb5 Rf3+ 42. c3 g5 43. h4 gxh4 44. Rxh4+ Kg5
45. Rh7 Ne5 46. Nd6 Rf8 47. Rh1 Kf6 48. Rh5 Ke6 49. Rh6+ Ke7 50. Nb5 Rg8 51.
Nd4 Rg5 52. Ra6 Nd3 53. Kc2 Ne5 54. b3 Rg2+ 55. Kd1 Nc6 56. Nxc6+ dxc6 57. Rxc6
Rb2 58. Rb6 Rg2 59. Rb5 Rg1+ 60. Kd2 Rg2+ 61. Kc1 Rg3 62. Kb2 Rg2+ 63. Ka3 Rc2
64. c4 Kd6 65. Rxa5 Kd7 66. Rh5 Ke7 67. Rh7+ Kf6 68. a5 Kg6 69. a6 Re2 70. Rd7
Re1 71. a7 Kf6 72. c5 Kf5 73. c6 Re8 74. c7 Ra8 75. Kb2 Kf6 76. Rd8 Rxa7 77.
Rf8+ Kg6 78. c8=Q Ra5 79. Qg4+ Kh7 80. Rf7+ Kh6 81. Rf6+ Kh7 82. Qg6+ Kh8 83.
Rf8# {Hossa checkmated} 1-0

[Event "ICS rated blitz match"]
[Site "204.178.125.65"]
[Date "1999.09.14"]
[Round "?"]
[White "MissSilicon"]
[Black "Hossa"]
[Result "1-0"]
[WhiteElo "2596"]
[BlackElo "2411"]
[PlyCount "112"]
[EventDate "1999.??.??"]

1. d4 Nf6 2. c4 g6 3. Nc3 Bg7 4. e4 d6 5. Nf3 O-O 6. Be2 c5 7. d5 e5 8. O-O Bg4
9. h3 Bxf3 10. Bxf3 Nfd7 11. Be2 Re8 12. Be3 Nb6 13. a4 N8d7 14. a5 Nc8 15. Qb3
Rb8 16. Qc2 Qh4 17. Bg4 Qd8 18. a6 Ndb6 19. Nb5 Qh4 20. f4 bxa6 21. Rxa6 f5 22.
exf5 gxf5 23. Bxf5 Nxd5 24. cxd5 Rxb5 25. Qa4 Qg3 26. Bc1 Qb3 27. Bd7 Qxa4 28.
Rxa4 Rb8 29. Bxe8 Nb6 30. Bb5 Nxa4 31. Bxa4 exf4 32. b3 Bd4+ 33. Kh2 Be3 34.
Bxe3 fxe3 35. Re1 c4 36. Rxe3 cxb3 37. Rxb3 Rxb3 38. Bxb3 Kf7 39. Kg3 Ke7 40.
Kf4 Kf6 41. Bc2 h6 42. Bd3 a5 43. Bc2 Ke7 44. Kf5 h5 45. g4 hxg4 46. hxg4 Kf7
47. g5 Ke7 48. g6 Ke8 49. Kf6 Kd7 50. g7 Kc7 51. g8=Q Kb6 52. Qg1+ Kb5 53. Qd4
Ka6 54. Qc4+ Kb7 55. Qc6+ Ka7 56. Ba4 56... Kb8 {Hossa resigns} 1-0

[Event "ICS rated blitz match"]
[Site "204.178.125.65"]
[Date "1999.09.03"]
[Round "?"]
[White "MissSilicon"]
[Black "Hossa"]
[Result "1-0"]
[WhiteElo "2691"]
[BlackElo "2561"]
[PlyCount "88"]
[EventDate "1999.??.??"]

1. e4 c5 2. Nf3 Nc6 3. Bb5 e5 4. O-O d6 5. c4 Be7 6. d3 Nf6 7. Nc3 O-O 8. Nd5
Nxd5 9. cxd5 Nd4 10. Nxd4 exd4 11. Bf4 Qb6 12. Qb3 a6 13. Bc4 Qc7 14. Qa3 Qd7
15. Bb3 Qg4 16. Bg3 Qe2 17. Ba4 Qd2 18. f4 Bg4 19. Bd1 Bxd1 20. Raxd1 Qe2 21.
Rde1 Qg4 22. f5 Rfd8 23. Qa5 Rd7 24. b4 Bd8 25. Qa4 b5 26. Qc2 Rc8 27. e5 dxe5
28. Rxe5 Bf6 29. Re4 Qh5 30. Qxc5 Rdd8 31. Bc7 Re8 32. d6 Rxe4 33. dxe4 Qe2 34.
d7 Qe3+ 35. Kh1 Rf8 36. e5 Bg5 37. Qxf8+ Kxf8 38. f6 gxf6 39. d8=Q+ Kg7 40.
exf6+ Kh6 41. Qf8+ Kg6 42. Qg7+ Kh5 43. Qxh7+ Bh6 44. Rf5+ 44... Kg4 {
Hossa resigns} 1-0

[Event "ICS rated blitz match"]
[Site "204.178.125.65"]
[Date "1999.09.14"]
[Round "?"]
[White "MissSilicon"]
[Black "Hossa"]
[Result "1-0"]
[WhiteElo "2637"]
[BlackElo "2415"]
[PlyCount "77"]
[EventDate "1999.??.??"]

1. Nf3 d5 2. c4 e6 3. g3 dxc4 4. Qa4+ Nc6 5. Bg2 Bd6 6. Nd4 Nge7 7. Nxc6 Nxc6
8. Bxc6+ bxc6 9. Qxc6+ Bd7 10. Qxc4 O-O 11. O-O e5 12. Nc3 Bh3 13. Re1 Rb8 14.
e4 Qd7 15. d3 Rb4 16. Qd5 c5 17. a3 Rd4 18. Qb3 Rb8 19. Qc2 c4 20. dxc4 Rxc4
21. Qe2 Rc6 22. Rd1 f6 23. Be3 a6 24. Nd5 a5 25. Rd2 Qe6 26. Rad1 f5 27. exf5
Qxf5 28. f3 Rb3 29. g4 Qf8 30. Nc3 Bc7 31. Rd7 Kh8 32. Bf2 Qb8 33. Qxe5 Qf8 34.
Rxc7 Rf6 35. Bc5 Qb8 36. Qe7 Qg8 37. Rd8 Rf8 38. Rxf8 Bg2 39. Qxg7# {
Hossa checkmated} 1-0

[Event "ICS rated blitz match"]
[Site "204.178.125.65"]
[Date "1999.08.29"]
[Round "?"]
[White "MissSilicon"]
[Black "Hossa"]
[Result "1-0"]
[WhiteElo "2621"]
[BlackElo "2476"]
[PlyCount "106"]
[EventDate "1999.??.??"]

1. e4 c5 2. Nf3 d6 3. d4 cxd4 4. Nxd4 Bd7 5. Nc3 Nc6 6. Nxc6 Bxc6 7. Bd3 Nf6 8.
O-O d5 9. e5 Nd7 10. e6 Nc5 11. exf7+ Kxf7 12. Bg5 Nxd3 13. Qxd3 Qd7 14. Rfe1
d4 15. Ne4 Rc8 16. c3 dxc3 17. Qxd7 Bxd7 18. Nxc3 Bc6 19. Rad1 b5 20. Re5 b4
21. Nb5 a6 22. Na7 Rc7 23. Rc5 Rxa7 24. Rxc6 a5 25. Rd8 e6 26. Bf4 a4 27. Rcc8
b3 28. a3 Ra5 29. Rc7+ Kf6 30. Rc4 e5 31. Bd2 Ra7 32. Bb4 Kf7 33. Kf1 Rg8 34.
Rcc8 Bxb4 35. Rxg8 Bc5 36. Ra8 Rd7 37. Rgb8 Rd1+ 38. Ke2 Rb1 39. Kd3 Rxb2 40.
Rb7+ Ke6 41. Ra6+ Bd6 42. Rbb6 Ke7 43. Rxd6 Rxf2 44. Rdb6 Kd8 45. Rb7 Kc8 46.
Rxg7 Kb8 47. Re6 Rf8 48. Rxh7 Rg8 49. Rxe5 Rd8+ 50. Kc3 Rc8+ 51. Kb2 Rg8 52.
Re2 Rf8 53. Rh4 53... Kc7 {Hossa resigns} 1-0

[Event "ICS rated blitz match"]
[Site "204.178.125.65"]
[Date "1999.09.30"]
[Round "?"]
[White "MissSilicon"]
[Black "Hossa"]
[Result "1/2-1/2"]
[WhiteElo "2606"]
[BlackElo "2471"]
[PlyCount "244"]
[EventDate "1999.??.??"]

1. e4 d5 2. exd5 Nf6 3. d4 Nxd5 4. Nf3 Bf5 5. Bd3 Bxd3 6. Qxd3 Nc6 7. O-O Qd7
8. c4 Nb6 9. d5 e6 10. Qe4 Nd8 11. Re1 Bb4 12. Bd2 Bxd2 13. Nbxd2 c6 14. dxe6
Nxe6 15. Nd4 O-O 16. Nxe6 Rfe8 17. Nc5 Rxe4 18. Nxd7 Rxe1+ 19. Rxe1 Nxd7 20.
Nb3 Kf8 21. Na5 Nc5 22. a3 Rb8 23. b4 Ne6 24. a4 c5 25. b5 Ke7 26. Re5 g5 27.
h4 Kf6 28. Rd5 gxh4 29. Rh5 Kg6 30. Rxh4 Nd4 31. Rh3 f5 32. Rg3+ Kf6 33. Rh3
Kg6 34. Rd3 f4 35. Kh2 h5 36. Kh3 Kf5 37. Kh4 Ke4 38. Rd1 f3 39. g3 b6 40. Nc6
Rh8 41. a5 bxa5 42. Nxa5 Rh7 43. Re1+ Kf5 44. Re8 Kf6 45. Rc8 Nf5+ 46. Kh3 Re7
47. g4 hxg4+ 48. Kxg4 Nd4 49. Nc6 Rd7 50. Kf4 Nb3 51. Rf8+ Kg7 52. Rf5 Rd2 53.
Kxf3 Rc2 54. Kg3 Rxc4 55. Nxa7 Nd4 56. Re5 Kf6 57. Rd5 Rc3+ 58. Kg4 Ke6 59. Rh5
Kd6 60. b6 Rb3 61. Nc8+ Kc6 62. f4 Rb1 63. f5 Kb7 64. Rh8 Rg1+ 65. Kf4 Rf1+ 66.
Ke3 Rxf5 67. Nd6+ Kxb6 68. Nxf5 Nxf5+ 69. Ke4 Nd4 70. Kd5 Kb5 71. Rb8+ Ka4 72.
Kxc5 Ne6+ 73. Kc4 Nc7 74. Rb7 Na6 75. Rb1 Ka5 76. Rb5+ Ka4 77. Re5 Nc7 78. Re2
Ka5 79. Rb2 Ka6 80. Kc5 Ne6+ 81. Kd6 Nd4 82. Kd5 Nb5 83. Kc5 Nc3 84. Kc4 Ne4
85. Re2 Nd6+ 86. Kd5 Nb7 87. Ra2+ Kb6 88. Rb2+ Kc7 89. Rc2+ Kb6 90. Rf2 Kc7 91.
Rf6 Nd8 92. Rg6 Kb7 93. Rg8 Kc7 94. Rh8 Kd7 95. Rh7+ Ke8 96. Ke5 Nf7+ 97. Kf6
Nd8 98. Re7+ Kf8 99. Re4 Nc6 100. Re6 Nd8 101. Re3 Nc6 102. Re4 Nd8 103. Re5
Nc6 104. Rc5 Ne7 105. Rg5 Ng8+ 106. Ke6 Ne7 107. Rb5 Ng8 108. Rb7 Nh6 109. Rh7
Ng8 110. Rf7+ Ke8 111. Rf5 Nh6 112. Rc5 Kf8 113. Rh5 Kg7 114. Rg5+ Kf8 115. Rg3
Ng8 116. Rg4 Ne7 117. Rf4+ Ke8 118. Re4 Kd8 119. Rd4+ Ke8 120. Ra4 Nc8 121. Rb4
Kd8 122. Rb7 122... Ke8 {Game drawn by the 50 move rule} 1/2-1/2

[Event "ICS rated blitz match"]
[Site "204.178.125.65"]
[Date "1999.09.20"]
[Round "?"]
[White "MissSilicon"]
[Black "Hossa"]
[Result "1-0"]
[WhiteElo "2639"]
[BlackElo "2413"]
[PlyCount "74"]
[EventDate "1999.??.??"]

1. c4 Nf6 2. Nf3 g6 3. d4 Bg7 4. Nc3 Ng4 5. e4 e5 6. Bg5 f6 7. Bh4 O-O 8. dxe5
Nc6 9. exf6 Nxf6 10. Be2 d6 11. c5 dxc5 12. Qb3+ Kh8 13. e5 Nd4 14. Nxd4 cxd4
15. Rd1 c5 16. O-O Qb6 17. exf6 Bxf6 18. Bxf6+ Rxf6 19. Ne4 Qxb3 20. axb3 Rf5
21. b4 Re5 22. Bf3 Bg4 23. Bxg4 Rxe4 24. Bf3 Re7 25. bxc5 Rd8 26. Rd3 Kg7 27.
h3 Kf6 28. Rfd1 Red7 29. Rb3 Rc7 30. Rxb7 Rxc5 31. Rxh7 Rc2 32. Rxa7 Rxb2 33.
Ra6+ Kf5 34. Re1 Kg5 35. h4+ Kh6 36. h5 Rg8 37. Ree6 37... d3 {Hossa resigns}
1-0

[Event "ICS rated blitz match"]
[Site "204.178.125.65"]
[Date "1999.10.18"]
[Round "?"]
[White "MissSilicon"]
[Black "Hossa"]
[Result "1/2-1/2"]
[WhiteElo "2721"]
[BlackElo "2477"]
[PlyCount "145"]
[EventDate "1999.??.??"]

1. d4 d5 2. c4 e6 3. Nc3 Nf6 4. Bg5 Nbd7 5. e3 c6 6. Nf3 Qa5 7. cxd5 Nxd5 8.
Qd2 Bb4 9. Rc1 f6 10. Bh4 c5 11. e4 Nxc3 12. bxc3 Ba3 13. Rb1 cxd4 14. cxd4
Qxd2+ 15. Nxd2 Nb6 16. Bb5+ Bd7 17. Bxd7+ Kxd7 18. O-O Rhc8 19. f4 Rc2 20. Nb3
Rxa2 21. Nc5+ Ke7 22. Nxb7 Bb2 23. Bf2 Nc4 24. Rbd1 Ba3 25. d5 Rb8 26. Rd4 Nd2
27. Na5 Nxf1 28. Nc6+ Ke8 29. Nxb8 Ra1 30. h3 Bd6 31. Nc6 Nd2+ 32. Kh2 Kd7 33.
Ne5+ Bxe5 34. fxe5 Nf1+ 35. Kg1 fxe5 36. dxe6+ Kxe6 37. Rb4 Nd2+ 38. Kh2 a5 39.
Rb6+ Kd7 40. Rb7+ Kc6 41. Rxg7 h5 42. Rg6+ Kd7 43. Rg7+ Ke6 44. Rg6+ Kf7 45.
Ra6 Nxe4 46. Bb6 a4 47. Bc7 Rc1 48. Bxe5 Rc4 49. Ra5 Ke6 50. Bb2 h4 51. Re5+
Kf7 52. Kg1 Rb4 53. Rf5+ Kg6 54. Ba3 Rb1+ 55. Rf1 Rxf1+ 56. Kxf1 Kf7 57. Ke2
Ke6 58. Kd3 Ke5 59. Be7 Nf6 60. Kc4 Ke6 61. Bd8 Nd5 62. Bxh4 Ne3+ 63. Kb4 Nxg2
64. Bd8 Kd5 65. Bc7 Nh4 66. Bg3 Nf3 67. Ka3 Nd4 68. h4 Nf5 69. h5 Ke4 70. Be1
Kf4 71. Bd2+ Kg4 72. h6 Nxh6 73. Kxa4 {
Game drawn because neither player has mating material} 1/2-1/2

[Event "ICS rated blitz match"]
[Site "204.178.125.65"]
[Date "1999.08.28"]
[Round "?"]
[White "MissSilicon"]
[Black "Hossa"]
[Result "1-0"]
[WhiteElo "2613"]
[BlackElo "2538"]
[PlyCount "79"]
[EventDate "1999.??.??"]

1. f4 d5 2. Nf3 e6 3. e3 Nd7 4. d4 c5 5. Bb5 Bd6 6. O-O Ne7 7. Nc3 cxd4 8. exd4
O-O 9. Bd3 a6 10. Re1 Nc6 11. f5 Nf6 12. fxe6 fxe6 13. Bg5 Bd7 14. Rf1 Qb6 15.
Na4 Qa5 16. Nc3 Qb4 17. a3 Qb6 18. Kh1 Ng4 19. h3 Nf6 20. Na4 Qa5 21. Bd2 Qc7
22. Nc5 Bxc5 23. dxc5 Ne4 24. Bxe4 dxe4 25. Ng5 Qe5 26. Bf4 Qd4 27. Bd6 Rxf1+
28. Qxf1 Kh8 29. Qf7 h6 30. Qxd7 Qxb2 31. Nf7+ Kh7 32. Re1 e5 33. Qf5+ Kg8 34.
Nxh6+ gxh6 35. Rf1 Kh8 36. Bf8 Rxf8 37. Qxf8+ Kh7 38. Rf7+ Kg6 39. Rf6+ Kg5 40.
Qxh6# {Hossa checkmated} 1-0

[Event "ICS rated blitz match"]
[Site "204.178.125.65"]
[Date "1999.09.25"]
[Round "?"]
[White "MissSilicon"]
[Black "Hossa"]
[Result "0-1"]
[WhiteElo "2684"]
[BlackElo "2490"]
[PlyCount "226"]
[EventDate "1999.??.??"]

1. e4 Nc6 2. d4 d5 3. Nc3 dxe4 4. d5 Ne5 5. Bf4 Ng6 6. Bg3 f5 7. Nh3 Bd7 8. Nf4
Nxf4 9. Bxf4 Nf6 10. Be2 g6 11. O-O Bg7 12. Qd4 c6 13. dxc6 Bxc6 14. Qb4 O-O
15. Rad1 Qe8 16. Bc4+ Kh8 17. Nb5 a5 18. Qb3 a4 19. Qb4 Bxb5 20. Bxb5 Qf7 21.
Be5 Qe6 22. Bc3 a3 23. bxa3 Rfc8 24. Qb2 Rd8 25. Bd4 Rd6 26. Be5 Rd5 27. Bd4
Rc8 28. Rfe1 Rdd8 29. f3 Rd6 30. fxe4 fxe4 31. Ba4 Ra8 32. Bb3 Qg4 33. c3 Rad8
34. Qc2 Qf4 35. Bxf6 Qxf6 36. Rxd6 exd6 37. Rxe4 Rf8 38. Re1 Qxc3 39. Qxc3 Bxc3
40. Re4 Rc8 41. Kf2 Be5 42. h4 Rc3 43. Ke2 Rc7 44. g4 h6 45. Bd5 b6 46. Rb4
Rc2+ 47. Ke3 Rb2 48. h5 gxh5 49. gxh5 Bc3 50. Rc4 Rb5 51. Rc8+ Kg7 52. Ke4 Bb2
53. Rg8+ Kh7 54. Rg3 Ra5 55. Rb3 Ra4+ 56. Kf5 Bd4 57. Rb4 Rxb4 58. axb4 Bc3 59.
b5 Kg7 60. Ke6 Bb4 61. Be4 Kf8 62. Bh7 Ke8 63. a4 Kd8 64. Kd5 Kd7 65. Bf5+ Kc7
66. Ke6 Bc5 67. Be4 Bg1 68. Bd3 Bd4 69. Be2 Bf2 70. Bf3 Be3 71. Kf7 Bf4 72. Be4
Bc1 73. Ke6 Bb2 74. Ke7 Bc3 75. Bf3 Be5 76. Bg2 Bf4 77. Ke6 Bd2 78. Kd5 Be3 79.
Ke4 Bg5 80. Bh3 Bd2 81. Kd4 Ba5 82. Kd5 Bc3 83. Kc4 Be1 84. Bf1 Kd8 85. Kd5 Kd7
86. Bh3+ Kc7 87. Bg4 Bf2 88. Bf3 Kd7 89. Be4 Ke7 90. Kc6 Ke6 91. a5 bxa5 92. b6
a4 93. b7 Ba7 94. Kc7 a3 95. Bb1 Kf6 96. Kxd6 Kg5 97. Kc7 Kxh5 98. Ba2 Kg4 99.
Kc8 Kf4 100. b8=R Bxb8 101. Kd7 Ke3 102. Kc6 h5 103. Be6 h4 104. Kb7 Bf4 105.
Kc6 h3 106. Bxh3 a2 107. Be6 a1=Q 108. Bc4 Qa8+ 109. Kb6 Qb8+ 110. Kc6 Qc7+
111. Kb5 Kd4 112. Kb4 Qxc4+ 113. Ka5 113... Bc7# {MissSilicon checkmated} 0-1